Teritoriálne aspekty volebnej podpory Hnutia za demokratické Slovensko

Vstup HZDS na slovenskú politickú scénu. Teritoriálne diferencie v intenzite podpory HZDS v roku 1992 a vývoj podpory v rokoch 1994 a 1998. Hlavné centrá volebnej podpory HZDS v roku 1998.

Na minha lista:
Detalhes bibliográficos
Autor principal: Mariot, Peter
Formato: Capítulo de Livro
Idioma:eslovaco
Assuntos:
Tags: Adicionar Tag
Sem tags, seja o primeiro a adicionar uma tag!

MARC

LEADER 00000naa a2200000 4500
001 r048668
005 20230929084642.7
041 0 |a slo 
044 |a SK 
245 1 0 |a Teritoriálne aspekty volebnej podpory Hnutia za demokratické Slovensko  |c Peter Mariot 
520 |a Vstup HZDS na slovenskú politickú scénu. Teritoriálne diferencie v intenzite podpory HZDS v roku 1992 a vývoj podpory v rokoch 1994 a 1998. Hlavné centrá volebnej podpory HZDS v roku 1998. 
610 2 0 |a hnutie politické 
610 2 0 |a strany vládne 
610 2 0 |a strany opozičné 
610 2 0 |a Slovensko 
610 2 0 |a preferencie 
610 2 0 |a voľby 
100 1 |a Mariot, Peter